Green Biology / (Record no. 757121)

MARC details
000 -LEADER
fixed length control field 00422nam a22001577a 4500
020 ## - INTERNATIONAL STANDARD BOOK NUMBER
ISBN 9789383101252
082 ## - DEWEY DECIMAL CLASSIFICATION NUMBER
Edition number 23
Classification number 616.01
Item number SIN
100 ## - MAIN ENTRY--AUTHOR NAME
Personal name Singh, Vineetha
245 ## - TITLE STATEMENT
Title Green Biology /
Statement of responsibility, etc Vineetha Singh
260 ## - PUBLICATION, DISTRIBUTION, ETC. (IMPRINT)
Place of publication Jaipur :
Name of publisher Agrotech Press ,
Year of publication 2024 .
300 ## - PHYSICAL DESCRIPTION
Number of Pages 244p
650 ## - SUBJECT ADDED ENTRY--TOPICAL TERM
Topical Term Chemistry of Cell Biology
650 ## - SUBJECT ADDED ENTRY--TOPICAL TERM
Topical Term Microorganisms
942 ## - ADDED ENTRY ELEMENTS (KOHA)
Source of classification or shelving scheme Dewey Decimal Classification
Koha item type Book
Holdings
Withdrawn status Lost status Source of classification or shelving scheme Damaged status Not for loan Home Library Current Location Date acquired Full call number Accession Number Price effective from Koha item type
    Dewey Decimal Classification     Dept. of Environmental Sciences Dept. of Environmental Sciences 26/02/2026 616.01 SIN ES2523 26/02/2026 Book